Del daño moral al daño fisiológico : ¿una evolución real? /

Breve ensayo sobre el daño moral y el daño extraptrimonial, que presenta reflexiones -algunas veces críticas- sobre varias tendencias observadas en los fallos de la justicia colombiana y está organizado en los siguientes capítulos: 1. Antecedentes históricos. 2. Avalúo del daño moral y tendencias qu...

Full beskrivning

Sparad:
Bibliografiska uppgifter
Huvudupphov: Navia Arroyo, Felipe (autor)
Materialtyp: Bok
Språk:spanska
Utgiven: Bogotá, Colombia : Universidad Externado de Colombia, 2000, c2000
Serie:(Ensayos de Derecho Privado ; 4)
Ämnen:
Taggar: Lägg till en tagg
Inga taggar, Lägg till första taggen!

MARC

LEADER 00000nam^a2200000^a^4500
001 000156553
005 20250521000000.0
009 20260310100508.043
020 |a 958-616-483-7 
037 |a Acervo ITESO - Biblioteca 
041 |a ESP 
082 |a 347. 861077  |b NAV 
100 |a Navia Arroyo, Felipe  |e (autor) 
245 1 0 |a Del daño moral al daño fisiológico :  |b ¿una evolución real? /  |c F. Navia Arroyo. 
264 4 |a Bogotá, Colombia :  |b Universidad Externado de Colombia,  |c 2000, c2000 
300 |a 119 p. 
336 |a texto  |b txt  |2 rdacontenido 
337 |a sin mediación  |b n  |2 rdamedio 
338 |a volumen  |b nc  |2 rdasoporte 
440 1 |a (Ensayos de Derecho Privado ;  |v 4) 
520 |a Breve ensayo sobre el daño moral y el daño extraptrimonial, que presenta reflexiones -algunas veces críticas- sobre varias tendencias observadas en los fallos de la justicia colombiana y está organizado en los siguientes capítulos: 1. Antecedentes históricos. 2. Avalúo del daño moral y tendencias que buscan restringir las hipótesis de indemnización. 3. Clasificación del daño moral según la jurisprudencia. 4. Códigos penales de 1936 y 1980. 5. La trifurcación de la jurisprudencia. 6. El Artículo 4o del Decreto 1260 de 1970 y 7. La legitimación activa. 
649 |a XX 
650 |a Daños y Perjuicios -  |z Colombia 
650 |a Daños y Perjuicios -  |z Colombia 
650 |a Indemnización Laboral -  |z Colombia 
650 |a Compensación (Derecho) -  |z Colombia 
650 |a Reparación del Daño -  |z Colombia 
650 |a Responsabilidad (Derecho) -  |z Colombia 
650 |a Derecho de Crédito o de las Obligaciones -  |z Colombia 
650 |a Derecho Civil -  |z Colombia 
650 |a Derecho Penal -  |z Colombia 
650 |a Derecho Privado -  |z Colombia 
910 |a Fondo General 
920 |a Impresos - Libros 
930 |a Colección General 
905 |a 101 
901 |a 0500084275  |b IT1  |c ACC  |u 20250521 
902 |a https://opac.biblio.iteso.mx/vufind/Record/000156553